Xiamen - Choix Multiples - Statistiques

Statistiques générales
  • Ce quiz a été pris 5 fois
  • Le résultat moyen est 3 sur 10
Statistiques - réponses
Question Réponse % Correct
Dans quelle province de Chine, se situe Xiamen ? Fujian
80%
Quelle image montre Xiamen ?
40%
Xiamen est réputée pour la fabrique de quel instrument de musique ? Le piano
40%
Quel coquillage est souvent associé à la cuisine traditionnelle de Xiamen ? Que l'on peu aussi pêcher en Bretagne, en France. L'ormeau
40%
Quel pays européen n'a pas eu de bail à Xiamen à partir de la fin du XIXe siècle ? Russie
40%
Quel était l'ancien nom de la ville avant qu'elle prenne le nom de Xiamen au XVIIIe siècle ? Amoy
20%
Quel est la particularité politique de l'Archipel de Kinmen ? L'archipel appartient et est administré par Taïwan
20%
Quel quartier emblématique de la ville, classé au patrimoine mondial de l'UNESCO, est connu pour son achitecture coloniale et sa musique ? L'île Gulangyu
20%
Quel célèbre temple bouddhiste se trouve au pied du Mont Wulaofeng, à Xiamen ? Temple Nanputuo
20%
Quel pont ne reli pas l'île de Xiamen au continant ? Xiazhang cross-sea Bridge
20%
Aucun quiz correspondant
Distribution des résultats
% des personnes avec chaque résultat
Percentile par nombre de réponses
Votre historique - résultats
Vous n’avez pas pris ce quiz